000 00453nam a2200193Ia 4500
001 12891
003 GE_BSU
008 181216s||||||||xx |||||||||||||| ||und||
040 _cGE_BSU
080 _a821.111-312.4
100 _aHiggins,Jack.
245 _aTouch the Deril.The Iron Tiger.
260 _aLondon.
260 _bBook Club Associates.
260 _c1983
300 _a366p;20cm.
653 _aTouch the Deril.The Iron Tiger.
942 _cBK
999 _c46061
_d46061